000
00320nam a22001457a 4500
008
210222b ||||| |||| 00| 0 eng d
020
_a
9781861002686
041
_a
eng
080
_a
004
082
_a
004
100
_a
28
101
_a
SHKI
245
_a
Programmer's Reference ADO 2.1
_c
Sussman.D
942
_2
udc
_c
BK
999
_c
55096
_d
55096